[Event "Hessen-ch A"]
[Site "Frankfurt/Main"]
[Date "2019.05.31"]
[Round "4"]
[White "Simon, Jonathan"]
[Black "Dietze, Frank"]
[Result "0-1"]
[WhiteElo "1959"]
[BlackElo "2112"]
[PlyCount "46"]
[EventDate "2019.05.30"]
[EventType "swiss"]
[EventRounds "7"]
[EventCountry "GER"]

1. Nf3 Nf6 2. d4 g6 3. c4 Bg7 4. Nc3 d5 5. Bg5 Ne4 6. h4 c6 7. e3 Qa5 8. Qb3 e6
9. Be2 Nd7 10. cxd5 exd5 11. O-O Nxg5 12. hxg5 h6 13. e4 hxg5 14. exd5 g4 15.
Ng5 Nf6 16. Rfe1 Kf8 17. a4 Rh5 18. Qa3+ Kg8 19. Nxf7 Kxf7 20. dxc6 Be6 21.
cxb7 Rah8 22. f4 Ne4 23. Qf8+ Rxf8 0-1

[Event "Hessen-ch A"]
[Site "Frankfurt/Main"]
[Date "2019.05.31"]
[Round "4"]
[White "Steudel, Max"]
[Black "Alkayas, Shadi"]
[Result "1-0"]
[WhiteElo "1950"]
[BlackElo "1760"]
[PlyCount "123"]
[EventDate "2019.05.30"]
[EventType "swiss"]
[EventRounds "7"]
[EventCountry "GER"]

1. e4 e5 2. Nf3 Nc6 3. Bc4 Bc5 4. c3 d6 5. d3 Be6 6. Bb5 a6 7. Ba4 Qe7 8. O-O
b5 9. Bc2 Bg4 10. b4 Bb6 11. a4 Rb8 12. Nbd2 Nd8 13. h3 Bh5 14. Re1 Ne6 15. Nf1
c6 16. Ng3 Bxf3 17. Qxf3 g6 18. Be3 Nf6 19. axb5 axb5 20. Bxb6 Rxb6 21. Ra8+
Nd8 22. Qe3 Nd7 23. Ra7 Rb7 24. Rxb7 Nxb7 25. Qa7 Nd8 26. Ra1 O-O 27. Qc7 Qe8
28. Ra7 Nf6 29. Qxd6 Qe6 30. Qc5 Nd7 31. Qe3 Kg7 32. Ra3 Qd6 33. Qg5 Kh8 34.
Ra7 Ne6 35. Qe3 c5 36. bxc5 Ndxc5 37. Ne2 Rd8 38. Rxf7 Kg8 39. Rf3 Kg7 40. h4
Rd7 41. h5 Rf7 42. h6+ Kf8 43. d4 Nd7 44. Rxf7+ Kxf7 45. Bb3 Ke7 46. Bxe6 Qxe6
47. f4 exf4 48. Nxf4 Qg4 49. Nd5+ Kd6 50. Qf4+ Qxf4 51. Nxf4 Nb6 52. e5+ Kd7
53. Nxg6 Nd5 54. Nf8+ Ke7 55. Nxh7 Nxc3 56. Nf6 Ne2+ 57. Kf2 Nf4 58. h7 Ng6 59.
Ke2 Kf7 60. Kd3 Kg7 61. Kc3 Nf4 62. Kb4 1-0

[Event "Hessen-ch A"]
[Site "Frankfurt/Main"]
[Date "2019.05.31"]
[Round "4"]
[White "Thomas, Tobias"]
[Black "Sabol, Goran"]
[Result "1/2-1/2"]
[WhiteElo "1942"]
[BlackElo "1867"]
[PlyCount "49"]
[EventDate "2019.05.30"]
[EventType "swiss"]
[EventRounds "7"]
[EventCountry "GER"]

1. c4 Nf6 2. g3 g6 3. Bg2 d6 4. Nc3 c6 5. e4 e5 6. Nf3 Bg7 7. O-O O-O 8. d4
Nbd7 9. b3 Qa5 10. Bb2 Re8 11. Re1 Rb8 12. a4 Qc7 13. Ba3 Bf8 14. Rc1 Qd8 15.
h3 Nh5 16. Qd2 Qf6 17. Qe3 b6 18. Rcd1 h6 19. dxe5 dxe5 20. Bxf8 Nxf8 21. Rd3
Kh7 22. Red1 Qe7 23. Ne2 Ng7 24. Qd2 Rb7 25. Qc3 1/2-1/2

[Event "Hessen-ch A"]
[Site "Frankfurt/Main"]
[Date "2019.05.31"]
[Round "4"]
[White "Tietzen, Stefan"]
[Black "Froehlich Dill, Astrid"]
[Result "1/2-1/2"]
[WhiteElo "2015"]
[BlackElo "1845"]
[PlyCount "77"]
[EventDate "2019.05.30"]
[EventType "swiss"]
[EventRounds "7"]
[EventCountry "GER"]

1. e4 e6 2. d4 b6 3. Nf3 Bb7 4. Bd3 c5 5. O-O Nf6 6. e5 Nd5 7. Nc3 Nxc3 8. bxc3
Be7 9. Qe2 h6 10. Nd2 d5 11. exd6 Bxd6 12. Qg4 O-O 13. Ne4 f5 14. Qg6 fxe4 15.
Bxe4 Bxe4 16. Qxe4 Na6 17. Bxh6 Qf6 18. Bg5 Qf5 19. Qc6 Qd5 20. Qxd5 exd5 21.
Rad1 c4 22. h3 Nc7 23. a4 Ne6 24. Be3 Nf4 25. Rfe1 Rae8 26. Rb1 Bc7 27. g3
Nxh3+ 28. Kg2 Rxe3 29. Rxe3 Nxf2 30. Re7 Bd6 31. Rxa7 Ne4 32. Rxb6 Rf2+ 33. Kh3
Bxg3 34. Rg6 Rh2+ 35. Kg4 Rf2 36. Raxg7+ Kf8 37. Rg8+ Kf7 38. R8g7+ Kf8 39.
Rg8+ 1/2-1/2

[Event "Hessen-ch A"]
[Site "Frankfurt/Main"]
[Date "2019.05.31"]
[Round "4"]
[White "Varma, Christopher"]
[Black "Fucik, Timo"]
[Result "1/2-1/2"]
[WhiteElo "1842"]
[BlackElo "2020"]
[PlyCount "46"]
[EventDate "2019.05.30"]
[EventType "swiss"]
[EventRounds "7"]
[EventCountry "GER"]

1. e4 c5 2. Nc3 Nc6 3. g3 g6 4. Bg2 Bg7 5. d3 e6 6. Be3 d6 7. Qd2 Rb8 8. Nge2
b5 9. a3 Qc7 10. O-O a5 11. a4 Ba6 12. axb5 Bxb5 13. Nxb5 Rxb5 14. Rab1 Nge7
15. b3 Nd4 16. Nc3 Rb7 17. e5 d5 18. f4 O-O 19. Na4 Rc8 20. Qd1 Rcb8 21. Qd2 h5
22. h3 Bf8 23. g4 hxg4 1/2-1/2

[Event "Hessen-ch A"]
[Site "Frankfurt/Main"]
[Date "2019.05.31"]
[Round "4"]
[White "Yaghi, Rita"]
[Black "Ahrends, Norbert"]
[Result "1-0"]
[WhiteElo "1783"]
[BlackElo "1927"]
[PlyCount "53"]
[EventDate "2019.05.30"]
[EventType "swiss"]
[EventRounds "7"]
[EventCountry "GER"]

1. e4 c5 2. Nf3 d6 3. d4 cxd4 4. Nxd4 Nf6 5. Nc3 a6 6. Be3 e5 7. Nb3 Be6 8. f3
Nbd7 9. Qd2 Be7 10. O-O-O Qc7 11. Kb1 b5 12. g4 Nb6 13. g5 Nfd7 14. Na5 b4 15.
Nd5 Nxd5 16. exd5 Bf5 17. Nc6 a5 18. f4 f6 19. Rg1 exf4 20. Bxf4 Ne5 21. gxf6
Bxf6 22. Nxe5 dxe5 23. Bb5+ Kd8 24. Bg5 Bg6 25. d6 Qc5 26. Ba4 Rc8 27. Be3 1-0

[Event "Hessen-ch A"]
[Site "Frankfurt/Main"]
[Date "2019.06.01"]
[Round "5"]
[White "Alkayas, Shadi"]
[Black "Ahrends, Norbert"]
[Result "0-1"]
[WhiteElo "1760"]
[BlackElo "1927"]
[PlyCount "110"]
[EventDate "2019.05.30"]
[EventType "swiss"]
[EventRounds "7"]
[EventCountry "GER"]

1. e4 c5 2. Nf3 d6 3. d4 cxd4 4. Nxd4 Nf6 5. Bc4 e6 6. Nc3 a6 7. a3 Qc7 8. Bb3
Bd7 9. Be3 Nc6 10. O-O Be7 11. h3 O-O 12. f4 g6 13. f5 Nxd4 14. Bxd4 e5 15. Be3
Bc6 16. fxg6 hxg6 17. Qf3 Kg7 18. g4 Nh7 19. Qg3 Bg5 20. Rae1 Qe7 21. Bxg5 Nxg5
22. h4 Ne6 23. Rf2 Rh8 24. g5 Rhf8 25. Nd5 Bxd5 26. exd5 Nd4 27. Bc4 Nf5 28.
Qh3 Rh8 29. Re4 Qxg5+ 30. Rg2 Qf6 31. h5 Kf8 32. Be2 Ke7 33. Qb3 b5 34. hxg6
fxg6 35. Reg4 Rh6 36. Qc3 Ra7 37. Rf2 Qh8 38. Qf3 Rh3 39. Qe4 Ng3 40. Qxg6 Rh1+
41. Kg2 Qh3+ 42. Kf3 Nf1+ 43. Rg3 Qxg3+ 44. Qxg3 Nxg3 45. Kxg3 Rh6 46. Rf5 Rf6
47. Rh5 Kd8 48. Rh8+ Kc7 49. Bg4 Kb6 50. Rg8 Kc5 51. Bf3 Kd4 52. Rg4+ Ke3 53.
Re4+ Kd2 54. c4 Rg7+ 55. Bg4 Kd3 0-1

[Event "Hessen-ch A"]
[Site "Frankfurt/Main"]
[Date "2019.06.01"]
[Round "5"]
[White "Bagatsch, Thomas"]
[Black "Ochs, Daniel Elias"]
[Result "1/2-1/2"]
[WhiteElo "2087"]
[BlackElo "1906"]
[PlyCount "135"]
[EventDate "2019.05.30"]
[EventType "swiss"]
[EventRounds "7"]
[EventCountry "GER"]

1. e4 e6 2. c4 d5 3. cxd5 exd5 4. exd5 Nf6 5. Bb5+ Nbd7 6. Nc3 a6 7. Ba4 b5 8.
Bb3 Bb7 9. Nf3 Be7 10. O-O O-O 11. d4 b4 12. Ne2 Bxd5 13. Ng3 Bxb3 14. axb3 Nb6
15. Qe2 Re8 16. Rxa6 Rxa6 17. Qxa6 Qd5 18. Qd3 Bd6 19. Nf5 Qc6 20. Bd2 Nbd5 21.
Rc1 Qb6 22. Nxd6 cxd6 23. h3 h6 24. Nh4 Ne4 25. Re1 Nef6 26. Rxe8+ Nxe8 27. Nf5
Qa7 28. Qb5 Nec7 29. Qa4 Qb6 30. Qd7 Qa7 31. Nxd6 Qxd4 32. Qxf7+ Kh8 33. Nf5
Qxb2 34. g3 Qa1+ 35. Kg2 Qe5 36. Kh2 Qb2 37. Kg1 Qa1+ 38. Kg2 Qe5 39. Kf1 Qa1+
40. Ke2 Qe5+ 41. Kf3 Ne6 42. h4 Nd4+ 43. Nxd4 Qxd4 44. Qe8+ Kh7 45. Qe4+ Qxe4+
46. Kxe4 Nb6 47. Bxb4 Kg6 48. Bc5 Nd7 49. Bd4 Kf7 50. b4 g6 51. Kd5 g5 52. hxg5
hxg5 53. Kd6 Ke8 54. Kc7 Ke7 55. b5 Ke6 56. b6 Ke7 57. b7 Ke6 58. b8=Q Nxb8 59.
Kxb8 Kd5 60. Be3 g4 61. Kc7 Ke6 62. Kc6 Ke5 63. Kc5 Ke4 64. Kd6 Kf5 65. Kd5 Kf6
66. Ke4 Kg6 67. Kf4 Kh5 68. Kf5 1/2-1/2

[Event "Hessen-ch A"]
[Site "Frankfurt/Main"]
[Date "2019.06.01"]
[Round "5"]
[White "Bethke, Robert"]
[Black "Krychevskiy, Dmytro"]
[Result "1/2-1/2"]
[WhiteElo "2024"]
[BlackElo "1927"]
[PlyCount "69"]
[EventDate "2019.05.30"]
[EventType "swiss"]
[EventRounds "7"]
[EventCountry "GER"]

1. c4 g6 2. Nc3 Bg7 3. g3 Nf6 4. Bg2 d6 5. e3 O-O 6. Nge2 Nbd7 7. O-O Ne5 8. d3
Bf5 9. e4 Bg4 10. f4 Ned7 11. h3 Bxe2 12. Nxe2 c6 13. Rb1 a5 14. Kh2 e5 15. f5
Nc5 16. Be3 b6 17. a3 a4 18. Nc3 Re8 19. Bxc5 bxc5 20. Nxa4 Qa5 21. Nc3 Reb8
22. g4 g5 23. Bf3 Nd7 24. Qc1 f6 25. Kg2 Rb7 26. h4 h6 27. hxg5 fxg5 28. Bd1
Nf6 29. Qc2 Rab8 30. Kg3 Qc7 31. b3 Qf7 32. Qg2 Qc7 33. Qc2 Qf7 34. Rh1 Qc7 35.
Kf3 1/2-1/2

[Event "Hessen-ch A"]
[Site "Frankfurt/Main"]
[Date "2019.06.01"]
[Round "5"]
[White "Blaschke, Henri Johannes"]
[Black "Mudrinic, Nenad"]
[Result "1/2-1/2"]
[WhiteElo "1838"]
[BlackElo "1897"]
[PlyCount "40"]
[EventDate "2019.05.30"]
[EventType "swiss"]
[EventRounds "7"]
[EventCountry "GER"]

1. d4 Nf6 2. Nf3 g6 3. c4 Bg7 4. g3 d6 5. Bg2 O-O 6. O-O Nbd7 7. Nc3 e5 8. e4
Re8 9. h3 Nb6 10. dxe5 dxe5 11. b3 Bd7 12. Be3 c6 13. Qc2 Qc7 14. Nd2 Rad8 15.
c5 Nc8 16. Nc4 Be6 17. Na4 Bxc4 18. Qxc4 b5 19. cxb6 Nxb6 20. Nxb6 axb6 1/2-1/2

[Event "Hessen-ch A"]
[Site "Frankfurt/Main"]
[Date "2019.06.01"]
[Round "5"]
[White "Burkhardt, Holger"]
[Black "Henrich, David"]
[Result "0-1"]
[WhiteElo "2042"]
[BlackElo "2115"]
[PlyCount "74"]
[EventDate "2019.05.30"]
[EventType "swiss"]
[EventRounds "7"]
[EventCountry "GER"]

1. d4 d6 2. Nc3 Nd7 3. e4 Ngf6 4. g4 h6 5. h3 e5 6. Be3 c6 7. a4 a5 8. Bg2 Be7
9. Nge2 O-O 10. O-O Re8 11. Qd2 Bf8 12. f4 exd4 13. Bxd4 Nc5 14. Ng3 Nfd7 15.
Rad1 Qc7 16. b3 b6 17. Bf3 Ba6 18. Rf2 Rad8 19. h4 Ne5 20. Be2 Bxe2 21. Qxe2
Ned7 22. g5 hxg5 23. hxg5 Ne6 24. Qh5 Nxd4 25. Rxd4 g6 26. Qh4 Bg7 27. Nce2 d5
28. Rh2 dxe4 29. Rxe4 Qd6 30. f5 Rxe4 31. Nxe4 Qd1+ 32. Kf2 Bd4+ 33. Nxd4 Qxd4+
34. Kf3 Qd1+ 35. Ke3 Qc1+ 36. Kf3 Ne5+ 37. Kg3 Qe3+ 0-1

[Event "Hessen-ch A"]
[Site "Frankfurt/Main"]
[Date "2019.06.01"]
[Round "5"]
[White "Calvi, Stefan"]
[Black "Cherny, Andrey"]
[Result "0-1"]
[WhiteElo "1980"]
[BlackElo "2193"]
[PlyCount "66"]
[EventDate "2019.05.30"]
[EventType "swiss"]
[EventRounds "7"]
[EventCountry "GER"]

1. e4 d5 2. exd5 Qxd5 3. d4 Nc6 4. Nf3 Bg4 5. Be2 e6 6. O-O O-O-O 7. Be3 Bd6 8.
c4 Qh5 9. h3 Nf6 10. Nbd2 e5 11. hxg4 Nxg4 12. Ne4 Nxd4 13. Bxd4 exd4 14. Nh4
f5 15. Bxg4 fxg4 16. g3 Be7 17. Ng2 Qf5 18. Re1 g5 19. Qd3 Kb8 20. Nc5 Qxc5 21.
Re4 h5 22. Rd1 Bf6 23. a3 a5 24. Ne1 Rhf8 25. Nc2 Qf5 26. Re2 Qxd3 27. Rxd3
Rfe8 28. Kf1 Rxe2 29. Kxe2 Re8+ 30. Kf1 h4 31. b4 a4 32. b5 h3 33. Nb4 Re1+ 0-1

[Event "Hessen-ch A"]
[Site "Frankfurt/Main"]
[Date "2019.06.01"]
[Round "5"]
[White "Carow, Annelen"]
[Black "Haack, Kevin"]
[Result "1-0"]
[WhiteElo "2131"]
[BlackElo "2033"]
[PlyCount "119"]
[EventDate "2019.05.30"]
[EventType "swiss"]
[EventRounds "7"]
[EventCountry "GER"]

1. d4 d5 2. c4 e6 3. Nc3 Nf6 4. cxd5 exd5 5. Bg5 Be7 6. e3 O-O 7. Bd3 Nbd7 8.
Nf3 c6 9. Qc2 Re8 10. h3 Nf8 11. O-O-O Ne4 12. Bf4 f5 13. Ne5 Ng6 14. Nxg6 hxg6
15. f3 Nxc3 16. bxc3 Bg5 17. Kb1 Bxf4 18. exf4 Qd6 19. g3 b5 20. h4 Rb8 21. Ka1
Qa3 22. Qb3 b4 23. Qxa3 bxa3 24. Rhe1 Bd7 25. Rc1 Be6 26. Re2 Kf7 27. Rce1 Re7
28. Bc2 c5 29. dxc5 Rc8 30. h5 gxh5 31. Bxf5 Rce8 32. Bc2 g6 33. Bb3 Kf6 34.
Re5 Bf7 35. Rxe7 Rxe7 36. Rxe7 Kxe7 37. Kb1 Kd7 38. Ba4+ Kc7 39. Kc2 a6 40. Kd3
Kb7 41. Kd4 Kc7 42. Bc2 Kc6 43. Bb3 a5 44. Bc2 Kb5 45. Bd3+ Kc6 46. Bc2 Kb5 47.
Bb3 Kc6 48. Ba4+ Kc7 49. Bb5 Kb7 50. c4 dxc4 51. Bxc4 Be8 52. Bd5+ Kc7 53. Ke5
Ba4 54. f5 gxf5 55. Kxf5 Bc2+ 56. Ke5 a4 57. f4 Kd7 58. f5 Bd3 59. f6 Ke8 60.
c6 1-0

[Event "Hessen-ch A"]
[Site "Frankfurt/Main"]
[Date "2019.06.01"]
[Round "5"]
[White "Dietze, Frank"]
[Black "Oezdemir, Ali Oezden"]
[Result "1/2-1/2"]
[WhiteElo "2112"]
[BlackElo "1997"]
[PlyCount "53"]
[EventDate "2019.05.30"]
[EventType "swiss"]
[EventRounds "7"]
[EventCountry "GER"]

1. d4 Nf6 2. c4 g6 3. Nc3 Bg7 4. e4 d6 5. Be2 O-O 6. Bg5 c5 7. d5 b5 8. cxb5 a6
9. bxa6 Bxa6 10. Nf3 Nbd7 11. O-O Qb6 12. Rb1 Rfb8 13. Re1 h6 14. Bd2 Ng4 15.
Na4 Qa7 16. Bxa6 Qxa6 17. b3 c4 18. Bc3 Nge5 19. Re3 cxb3 20. axb3 Rc8 21. Bb2
Nc4 22. bxc4 Qxa4 23. Qxa4 Rxa4 24. Bxg7 Kxg7 25. Nd2 Ra2 26. Rd1 Rc2 27. Kf1
1/2-1/2

[Event "Hessen-ch A"]
[Site "Frankfurt/Main"]
[Date "2019.06.01"]
[Round "5"]
[White "Dzyba, Sultan"]
[Black "Foerster Yialamas, Lucas"]
[Result "1/2-1/2"]
[WhiteElo "1982"]
[BlackElo "1981"]
[PlyCount "103"]
[EventDate "2019.05.30"]
[EventType "swiss"]
[EventRounds "7"]
[EventCountry "GER"]

1. f4 Nf6 2. Nf3 g6 3. g3 Bg7 4. Bg2 c5 5. O-O Nc6 6. d3 d5 7. c3 O-O 8. Na3 a6
9. Qe1 Re8 10. Ne5 Nxe5 11. fxe5 Ng4 12. d4 cxd4 13. cxd4 Qb6 14. e3 Be6 15. h3
Nh6 16. Nc2 a5 17. g4 Rac8 18. Qf2 Rc7 19. Ne1 Qa6 20. Qh4 Rec8 21. Bd2 b6 22.
e4 Rc2 23. Nxc2 Rxc2 24. Rf2 Qd3 25. Bxh6 Rxf2 26. Qxf2 Bxh6 27. Re1 dxe4 28.
Bxe4 Qxh3 29. d5 Qxg4+ 30. Qg2 Qh4 31. Re2 Bh3 32. Qf2 Qg4+ 33. Bg2 Bxg2 34.
Qxg2 Qd4+ 35. Qf2 Qxd5 36. Qxb6 Qxa2 37. Qd8+ Bf8 38. e6 Qb1+ 39. Kg2 Qf5 40.
exf7+ Kg7 41. Qd4+ Qf6 42. Qc5 e5 43. Qxa5 Qg5+ 44. Kf2 Qf4+ 45. Kg2 Qg5+ 46.
Kf2 Qf5+ 47. Kg2 Qg4+ 48. Kf2 Qd4+ 49. Kg2 Qg4+ 50. Kf2 Qh4+ 51. Kg2 Qg4+ 52.
Kf2 1/2-1/2

[Event "Hessen-ch A"]
[Site "Frankfurt/Main"]
[Date "2019.06.01"]
[Round "5"]
[White "Emig, Nils"]
[Black "Rosenberger, Frank"]
[Result "0-1"]
[WhiteElo "1784"]
[BlackElo "2046"]
[PlyCount "58"]
[EventDate "2019.05.30"]
[EventType "swiss"]
[EventRounds "7"]
[EventCountry "GER"]

1. d4 d5 2. c4 e6 3. Nc3 Nf6 4. Nf3 c6 5. Qc2 Nbd7 6. e3 Bd6 7. Bd3 dxc4 8.
Bxc4 O-O 9. O-O Qe7 10. a3 e5 11. h3 Rd8 12. Ba2 Nf8 13. dxe5 Bxe5 14. Nxe5
Qxe5 15. b4 Bf5 16. Qb2 Bd3 17. Rd1 Ne6 18. Na4 Qh5 19. Bd2 Be2 20. Re1 Ng5 21.
Bc3 Nxh3+ 22. gxh3 Qg5+ 23. Kh2 Ng4+ 24. hxg4 Qh4+ 25. Kg2 Qxg4+ 26. Kh2 Bf3
27. Bxf7+ Kxf7 28. Qa2+ Rd5 29. Rg1 Qh4# 0-1

[Event "Hessen-ch A"]
[Site "Frankfurt/Main"]
[Date "2019.06.01"]
[Round "5"]
[White "Froehlich Dill, Astrid"]
[Black "Kuhn, Gerhard"]
[Result "1/2-1/2"]
[WhiteElo "1845"]
[BlackElo "1977"]
[PlyCount "67"]
[EventDate "2019.05.30"]
[EventType "swiss"]
[EventRounds "7"]
[EventCountry "GER"]

1. d4 f5 2. c4 Nf6 3. Nc3 g6 4. Bf4 Bg7 5. Nf3 O-O 6. Qd2 d6 7. Bh6 c6 8. Bxg7
Kxg7 9. h3 Nbd7 10. Ng5 Nb6 11. b3 h6 12. Nf3 a5 13. g4 Ne4 14. Qe3 Nxc3 15.
Qxc3 Kh7 16. g5 h5 17. e3 Be6 18. Bd3 d5 19. c5 Nd7 20. a4 Qc7 21. Qc2 Kg7 22.
Nh4 b6 23. f4 Kh7 24. Nf3 Rab8 25. Qc3 Qa7 26. Rc1 Rfc8 27. Rh2 Bf7 28. Rb2 e6
29. Be2 Be8 30. Nh4 Nf8 31. Nf3 Nd7 32. Nh4 Nf8 33. Nf3 Nd7 34. Nh4 1/2-1/2

[Event "Hessen-ch A"]
[Site "Frankfurt/Main"]
[Date "2019.06.01"]
[Round "5"]
[White "Fucik, Timo"]
[Black "Schmitt, Carsten"]
[Result "1-0"]
[WhiteElo "2020"]
[BlackElo "1912"]
[PlyCount "47"]
[EventDate "2019.05.30"]
[EventType "swiss"]
[EventRounds "7"]
[EventCountry "GER"]

1. d4 d5 2. c4 e6 3. Nf3 c5 4. cxd5 exd5 5. g3 Nf6 6. Bg2 Be7 7. Nc3 Nc6 8. O-O
O-O 9. dxc5 Bxc5 10. Na4 Bd6 11. Be3 Re8 12. Rc1 Rxe3 13. fxe3 Ng4 14. Rc3 Qe7
15. e4 dxe4 16. Nd4 Nxd4 17. Qxd4 f5 18. Rxc8+ Rxc8 19. Qd5+ Kh8 20. Qxf5 Rf8
21. Qxg4 Bc5+ 22. Nxc5 Qxc5+ 23. Kh1 Rxf1+ 24. Bxf1 1-0

[Event "Hessen-ch A"]
[Site "Frankfurt/Main"]
[Date "2019.06.01"]
[Round "5"]
[White "Galkin, Wladislaw"]
[Black "Hess, Steffen"]
[Result "1/2-1/2"]
[WhiteElo "2156"]
[BlackElo "2038"]
[PlyCount "120"]
[EventDate "2019.05.30"]
[EventType "swiss"]
[EventRounds "7"]
[EventCountry "GER"]

1. c4 c5 2. g3 g6 3. Bg2 Bg7 4. Nc3 Nc6 5. Nf3 e5 6. O-O Nge7 7. a3 a5 8. Ne1
O-O 9. Nc2 d6 10. d3 Be6 11. Ne3 b6 12. Rb1 Rb8 13. Bd2 Qd7 14. Re1 f5 15. Ned5
h6 16. b4 axb4 17. axb4 Nxb4 18. Nxb4 cxb4 19. Rxb4 d5 20. cxd5 Nxd5 21. Nxd5
Bxd5 22. Bxd5+ Qxd5 23. Qb3 Qxb3 24. Rxb3 Rfc8 25. Be3 Rc6 26. Reb1 Kf7 27.
Rxb6 Rcxb6 28. Rxb6 Rxb6 29. Bxb6 e4 30. dxe4 fxe4 31. g4 Ke6 32. Be3 h5 33. h3
Be5 34. Bg5 Bd6 35. Kg2 hxg4 36. hxg4 Bc7 37. e3 Bd6 38. Bf4 Bb4 39. Kg3 Be7
40. Kh3 Kd5 41. Bg3 Kc4 42. Bh4 Bb4 43. Bf6 Be1 44. Bh4 Bb4 45. Bf6 Be1 46. Kg3
Kd5 47. Bd8 Ke5 48. Bc7+ Kd5 49. Bb6 Bb4 50. Kf4 Be7 51. Ba7 Bd8 52. Bd4 Bh4
53. Bb6 Be7 54. Ba7 Bd8 55. f3 Bc7+ 56. Kg5 exf3 57. e4+ Kxe4 58. Kxg6 Be5 59.
Bf2 Kf4 60. Kh5 Bf6 1/2-1/2

[Event "Hessen-ch A"]
[Site "Frankfurt/Main"]
[Date "2019.06.01"]
[Round "5"]
[White "Goutham, Joshi"]
[Black "Tietzen, Stefan"]
[Result "1/2-1/2"]
[WhiteElo "1839"]
[BlackElo "2015"]
[PlyCount "59"]
[EventDate "2019.05.30"]
[EventType "swiss"]
[EventRounds "7"]
[EventCountry "GER"]

1. d4 Nf6 2. Bf4 d5 3. e3 e6 4. c3 Bd6 5. Bg3 O-O 6. Nd2 Nc6 7. Ngf3 Qe7 8. Ne5
Nd7 9. Ndf3 f6 10. Nxd7 Bxd7 11. Bb5 Nd8 12. Be2 c6 13. c4 Nf7 14. O-O Bxg3 15.
hxg3 Nd6 16. Qb3 Be8 17. Qa3 Nf5 18. Qb3 Bf7 19. g4 Nd6 20. Qa3 Qd7 21. cxd5
exd5 22. Ne1 Bg6 23. Nd3 Bxd3 24. Qxd3 Ne4 25. g3 f5 26. gxf5 Qxf5 27. Kg2 Qg5
28. Bf3 Qf5 29. Be2 Qg5 30. Bf3 1/2-1/2

[Event "Hessen-ch A"]
[Site "Frankfurt/Main"]
[Date "2019.06.01"]
[Round "5"]
[White "Hasenstab, Robin"]
[Black "Rolf, Marco"]
[Result "0-1"]
[WhiteElo "1807"]
[BlackElo "2098"]
[PlyCount "72"]
[EventDate "2019.05.30"]
[EventType "swiss"]
[EventRounds "7"]
[EventCountry "GER"]

1. d4 d5 2. Nf3 Nf6 3. c4 c6 4. Nc3 dxc4 5. a4 Bf5 6. e3 e6 7. Bxc4 Bb4 8. O-O
Nbd7 9. h3 O-O 10. Nh4 Ne4 11. Nxf5 exf5 12. Qb3 Qe7 13. a5 Ndf6 14. Ra4 Bd6
15. Ne2 Rab8 16. Qc2 g6 17. b3 b5 18. axb6 axb6 19. Ra1 Nd5 20. Bxd5 cxd5 21.
Qc6 Nf6 22. Ra6 Rfc8 23. Qb5 Rc2 24. Nf4 Rbc8 25. Qxb6 Ne4 26. Ra1 Qh4 27. Nd3
Nxf2 28. Qxd6 Nxd3 29. Ba3 f4 30. Qxd5 Rf2 31. Rxf2 Qxf2+ 32. Kh1 fxe3 33. Bb4
e2 34. Qf3 Qxf3 35. gxf3 Nxb4 36. Re1 Re8 0-1

[Event "Hessen-ch A"]
[Site "Frankfurt/Main"]
[Date "2019.06.01"]
[Round "5"]
[White "Iliev, Mustafa Batuhan"]
[Black "Dreis, Volker"]
[Result "1-0"]
[WhiteElo "2068"]
[BlackElo "1930"]
[PlyCount "105"]
[EventDate "2019.05.30"]
[EventType "swiss"]
[EventRounds "7"]
[EventCountry "GER"]

1. e4 c5 2. Nf3 Nc6 3. d4 cxd4 4. Nxd4 Nf6 5. Nc3 e5 6. Ndb5 d6 7. Bg5 a6 8.
Na3 b5 9. Nd5 Be7 10. Bxf6 Bxf6 11. c4 b4 12. Nc2 Rb8 13. b3 O-O 14. g3 Bg5 15.
Bg2 f5 16. exf5 Bxf5 17. Nde3 Bxc2 18. Nxc2 Qb6 19. O-O Nd4 20. h4 Bf6 21. Ne3
Kh8 22. Be4 g6 23. Kg2 Bg7 24. Qd3 Nf5 25. Nd5 Qd4 26. Qe2 a5 27. h5 Bh6 28.
Bc2 Rbe8 29. Bxf5 gxf5 30. Nc7 Re7 31. Nb5 Qc5 32. Qd3 e4 33. Qxd6 Qxd6 34.
Nxd6 f4 35. Rae1 f3+ 36. Kh3 e3 37. fxe3 Bxe3 38. g4 f2 39. Re2 Rf3+ 40. Kg2
Rf4 41. Nf5 Rxg4+ 42. Kh3 Rg1 43. Rfxf2 Bxf2 44. Rxe7 Kg8 45. Re2 Bb6 46. Rg2+
Rxg2 47. Kxg2 Kf7 48. Kf3 Kf6 49. Ke4 Kg5 50. Nd4 Kxh5 51. Ne6 Kg4 52. c5 Ba7
53. c6 1-0

[Event "Hessen-ch A"]
[Site "Frankfurt/Main"]
[Date "2019.06.01"]
[Round "5"]
[White "Kosak, Matjaz"]
[Black "Thomas, Tobias"]
[Result "0-1"]
[WhiteElo "1869"]
[BlackElo "1942"]
[PlyCount "120"]
[EventDate "2019.05.30"]
[EventType "swiss"]
[EventRounds "7"]
[EventCountry "GER"]

1. e4 c5 2. Nc3 Nc6 3. f4 e6 4. Nf3 d5 5. exd5 exd5 6. Bb5 a6 7. Bxc6+ bxc6 8.
d3 Nf6 9. O-O Be7 10. Ne5 Qc7 11. Qf3 O-O 12. Na4 Nd7 13. Nxd7 Bxd7 14. b3 c4
15. dxc4 dxc4 16. bxc4 Qa5 17. Nc3 Bf6 18. Bd2 Qc5+ 19. Kh1 Qxc4 20. Qd3 Qxd3
21. cxd3 Bf5 22. Rf3 Rfd8 23. Rc1 Rxd3 24. Rxd3 Bxd3 25. Na4 Be4 26. Nc5 Bd5
27. a4 Bd4 28. Bb4 Re8 29. Rc2 Bxc5 30. Bxc5 Re1+ 31. Bg1 Ra1 32. Rb2 h6 33.
Rb4 Ra2 34. Rb8+ Kh7 35. Bb6 Rxg2 36. h3 Ra2+ 37. Kg1 Rxa4 38. Bc7 a5 39. Ra8
Ra1+ 40. Kf2 a4 41. Bd6 Ra2+ 42. Ke3 Kg6 43. Kd4 Kh5 44. Be7 Re2 45. Bf8 g6 46.
Bg7 Re4+ 47. Kd3 Rxf4 48. Rh8 Rf3+ 49. Ke2 Rxh3 50. Rxh6+ Kg4 51. Rxh3 Kxh3 52.
Bf8 g5 53. Kf2 f5 54. Be7 g4 55. Bd6 Be4 56. Kg1 g3 57. Kf1 Kh2 58. Ke2 a3 59.
Bxa3 g2 60. Bd6+ Kh1 0-1

[Event "Hessen-ch A"]
[Site "Frankfurt/Main"]
[Date "2019.06.01"]
[Round "5"]
[White "Muth, Andreas"]
[Black "Dunsbach, Ralf"]
[Result "0-1"]
[WhiteElo "2030"]
[BlackElo "2142"]
[PlyCount "102"]
[EventDate "2019.05.30"]
[EventType "swiss"]
[EventRounds "7"]
[EventCountry "GER"]

1. c4 Nf6 2. Nf3 g6 3. Nc3 d5 4. cxd5 Nxd5 5. Qa4+ Bd7 6. Qb3 Nb6 7. Ng5 e6 8.
d4 Nc6 9. Nf3 Bg7 10. e3 O-O 11. Be2 a5 12. O-O a4 13. Qc2 e5 14. dxe5 Nxe5 15.
e4 Nxf3+ 16. Bxf3 Be6 17. Rd1 Qc8 18. Bf4 c6 19. Bd6 Re8 20. Bc5 Nc4 21. Bd4 b5
22. Bxg7 Kxg7 23. b3 axb3 24. axb3 Ne5 25. Be2 Rxa1 26. Rxa1 f6 27. Ra7+ Nf7
28. h3 Qb8 29. Ra6 Qb7 30. Ra5 Ra8 31. Ra2 Rxa2 32. Qxa2 Qb6 33. Qb2 Qd4 34.
Kf1 Qb4 35. Bd1 c5 36. Nd5 Bxd5 37. exd5 Ne5 38. Qe2 Qd4 39. Bc2 b4 40. Qe4
Qxe4 41. Bxe4 Kf7 42. Ke2 Ke7 43. Ke3 Kd6 44. f4 Nd7 45. h4 f5 46. Bf3 Nf6 47.
g3 Nxd5+ 48. Kd3 Nf6 49. Ke3 c4 50. bxc4 Kc5 51. Kd3 Nh5 0-1

[Event "Hessen-ch A"]
[Site "Frankfurt/Main"]
[Date "2019.06.01"]
[Round "5"]
[White "Nies, Peter"]
[Black "Diez, Gerhard"]
[Result "1-0"]
[WhiteElo "2060"]
[BlackElo "1983"]
[PlyCount "73"]
[EventDate "2019.05.30"]
[EventType "swiss"]
[EventRounds "7"]
[EventCountry "GER"]

1. e4 c5 2. Nc3 a6 3. f4 d6 4. Nf3 g6 5. a4 Bg7 6. Bc4 Nc6 7. O-O Nh6 8. d3 Nd4
9. Nxd4 Bxd4+ 10. Kh1 Bg7 11. f5 Rf8 12. Nd5 Ng8 13. a5 Rb8 14. Nb6 Bd7 15. Qf3
Nf6 16. Bg5 Bc6 17. Rae1 h6 18. Bxf6 exf6 19. fxg6 fxg6 20. Qg4 Qe7 21. Qxg6+
Kd8 22. c3 Kc7 23. Rf3 Rbe8 24. Bd5 Kb8 25. Qf5 Kc7 26. Rg3 Bh8 27. d4 Bd7 28.
Qf3 f5 29. e5 Kb8 30. Bxb7 dxe5 31. Bxa6 e4 32. Qf4+ Ka7 33. Qc7+ Kxa6 34. Nc8
Qe6 35. Qa7+ Kb5 36. c4+ Kxc4 37. Qxc5# 1-0